00417nam a2200169Ia 4500008004100000020001800041050001400059100002200073245002400095245002500119260002100144260002800165260000900193300001500202300002000217300001000237170918s9999 xx 000 0 und d a9781518960246 bM134 1981 aMcDaniel, Lurlene 2aA horse for Mandy / cby Lurlene McDaniel. aPlain City, OH : bDarby Creek Publishing, c1981 a75 pages : billustrations ; c19cm.